Žijú si Američania nad pomery? čo majú spoločné výdavky spotrebiteľov, úrokové miery a inflácia

Vývoj úrokov a inflácie v USA. Správanie amerických domácností, pri klesajúcej miere úspor využívali nízke úroky a nakupovali na dlh. Silný domáci dopyt generovaný súkromnou spotrebou domácností bol motorom ekonomického rastu nielen v USA ale aj v globálnej ekonomike. Spotrebiteľské ceny v USA prakt...

Ausführliche Beschreibung

Gespeichert in:
Bibliographische Detailangaben
1. Verfasser: Baláž, Vladimír
Format: Buchkapitel
Sprache:Slowakisch
Schlagworte:
Tags: Tag hinzufügen
Keine Tags, Fügen Sie das erste Tag hinzu!

MARC

LEADER 00000naa$a2200000$$$4500
001 0026483
005 20231019082618.4
041 0 |a slo 
044 |a SK 
245 1 0 |a Žijú si Američania nad pomery?  |b čo majú spoločné výdavky spotrebiteľov, úrokové miery a inflácia  |c Vladimír Baláž 
520 |a Vývoj úrokov a inflácie v USA. Správanie amerických domácností, pri klesajúcej miere úspor využívali nízke úroky a nakupovali na dlh. Silný domáci dopyt generovaný súkromnou spotrebou domácností bol motorom ekonomického rastu nielen v USA ale aj v globálnej ekonomike. Spotrebiteľské ceny v USA prakticky nerastú. Nárast spotrebného "apetítu" sa úzko viaže na rast príjmov a bohatstva amerických domácností. Situácia na trhu hypoték. Vývoj na trhu nehnuteľností. Rast americkej ekonomiky. Úvahy o pokračujúcom raste americkej ekonomiky. 
610 2 0 |a rast hospodársky 
610 2 0 |a USA 
610 2 0 |a dopyt domáci 
610 2 0 |a dopyt spotrebiteľský 
610 2 0 |a úspory obyvateľstva 
610 2 0 |a spotreba domácností 
610 2 0 |a hypotéky 
610 2 0 |a nehnuteľnosti 
610 2 0 |a ceny spotrebiteľské 
100 1 |a Baláž, Vladimír